<?xml version="1.0" encoding="UTF-8"?>
<record
    xmlns:xsi="http://www.w3.org/2001/XMLSchema-instance"
    xsi:schemaLocation="http://www.loc.gov/MARC21/slim http://www.loc.gov/standards/marcxml/schema/MARC21slim.xsd"
    xmlns="http://www.loc.gov/MARC21/slim">

  <leader>01880cam a2200301 a 4500</leader>
  <controlfield tag="001">4507839</controlfield>
  <controlfield tag="005">20210414113932.0</controlfield>
  <controlfield tag="008">980707s1999    maua     bs   001 0 eng  </controlfield>
  <datafield tag="010" ind1=" " ind2=" ">
    <subfield code="a">   98036083 </subfield>
  </datafield>
  <datafield tag="020" ind1=" " ind2=" ">
    <subfield code="a">0072893028</subfield>
  </datafield>
  <datafield tag="040" ind1=" " ind2=" ">
    <subfield code="a">DLC</subfield>
    <subfield code="c">DLC</subfield>
    <subfield code="d">DLC</subfield>
  </datafield>
  <datafield tag="050" ind1="0" ind2="0">
    <subfield code="a">HF1017.A26 </subfield>
  </datafield>
  <datafield tag="082" ind1="0" ind2="0">
    <subfield code="a">519.5</subfield>
    <subfield code="2">21</subfield>
  </datafield>
  <datafield tag="100" ind1="1" ind2=" ">
    <subfield code="a">Aczel, Amir D.</subfield>
  </datafield>
  <datafield tag="245" ind1="1" ind2="0">
    <subfield code="a">Complete business statistics /</subfield>
    <subfield code="c">Amir D. Aczel.</subfield>
  </datafield>
  <datafield tag="250" ind1=" " ind2=" ">
    <subfield code="a">4th ed.</subfield>
  </datafield>
  <datafield tag="260" ind1=" " ind2=" ">
    <subfield code="a">Boston, Mass. :</subfield>
    <subfield code="b">Irwin/McGraw Hill,</subfield>
    <subfield code="c">c1999.</subfield>
  </datafield>
  <datafield tag="300" ind1=" " ind2=" ">
    <subfield code="a">xxii, 917 p. :</subfield>
    <subfield code="b">ill. (some col.) ;</subfield>
    <subfield code="c">27 cm. +</subfield>
  </datafield>
  <datafield tag="440" ind1=" " ind2="4">
    <subfield code="a">The Irwin/McGraw-Hill series in operations and decision sciences</subfield>
  </datafield>
  <datafield tag="504" ind1=" " ind2=" ">
    <subfield code="a">Includes bibliographical references and index.</subfield>
  </datafield>
  <datafield tag="505" ind1=" " ind2=" ">
    <subfield code="a">Contents: Introduction and descriptive statistics -- Probability -- Random variables -- The normal distribution -- Sampling and sampling distributions -- Confidence intervals -- Hypothesis  testing -- The Comparison of two populations -- Analysis of variance -- Simple linear regression and correlation -- Multiple regression -- Time series, forcasting and index numbers -- Quality control and improvement -- Noneparametric methods and chi-square tests -- Bayesian statistics and decision analysis -- Multivariate analysis -- Sampling methods -- Appendix A: References -- Appendix B: Answers to most odd-numbered problems -- Appendix C: Statistical tables. </subfield>
  </datafield>
  <datafield tag="538" ind1=" " ind2=" ">
    <subfield code="a">System requirements for accompanying computer disc: IBM PC, or 100% compatible with 8MB of RAM (16MB recommended), Double Speed CD-ROM, Microsoft Windows 95, Microsoft Excel 97, and either Netscape Navigator 3.0 or higher or Microsoft Internet Explorer 3.0 or higher.</subfield>
  </datafield>
  <datafield tag="650" ind1=" " ind2="0">
    <subfield code="a">Commercial statistics.</subfield>
  </datafield>
  <datafield tag="650" ind1=" " ind2="0">
    <subfield code="a">Statistics.</subfield>
  </datafield>
  <datafield tag="906" ind1=" " ind2=" ">
    <subfield code="a">7</subfield>
    <subfield code="b">cbc</subfield>
    <subfield code="c">orignew</subfield>
    <subfield code="d">1</subfield>
    <subfield code="e">ocip</subfield>
    <subfield code="f">19</subfield>
    <subfield code="g">y-gencatlg</subfield>
  </datafield>
  <datafield tag="942" ind1=" " ind2=" ">
    <subfield code="2">lcc</subfield>
    <subfield code="c">BK</subfield>
  </datafield>
  <datafield tag="999" ind1=" " ind2=" ">
    <subfield code="c">800</subfield>
    <subfield code="d">8300</subfield>
  </datafield>
  <datafield tag="952" ind1=" " ind2=" ">
    <subfield code="0">0</subfield>
    <subfield code="1">0</subfield>
    <subfield code="2">lcc</subfield>
    <subfield code="4">0</subfield>
    <subfield code="7">0</subfield>
    <subfield code="a">WIUC-1</subfield>
    <subfield code="b">WIUC-1</subfield>
    <subfield code="c">GEN</subfield>
    <subfield code="d">2012-04-30</subfield>
    <subfield code="l">0</subfield>
    <subfield code="o">HF1017.A26</subfield>
    <subfield code="p">1980/12</subfield>
    <subfield code="r">2012-04-30 00:00:00</subfield>
    <subfield code="t">1</subfield>
    <subfield code="w">2012-04-30</subfield>
    <subfield code="y">BK</subfield>
  </datafield>
  <datafield tag="952" ind1=" " ind2=" ">
    <subfield code="0">0</subfield>
    <subfield code="1">0</subfield>
    <subfield code="2">lcc</subfield>
    <subfield code="4">0</subfield>
    <subfield code="7">0</subfield>
    <subfield code="a">WIUC-1</subfield>
    <subfield code="b">WIUC-1</subfield>
    <subfield code="c">GEN</subfield>
    <subfield code="d">2012-04-30</subfield>
    <subfield code="l">0</subfield>
    <subfield code="o">HF1017.A261</subfield>
    <subfield code="p">1981/12</subfield>
    <subfield code="r">2012-04-30 00:00:00</subfield>
    <subfield code="t">2</subfield>
    <subfield code="w">2012-04-30</subfield>
    <subfield code="y">BK</subfield>
  </datafield>
  <datafield tag="952" ind1=" " ind2=" ">
    <subfield code="0">0</subfield>
    <subfield code="1">0</subfield>
    <subfield code="2">lcc</subfield>
    <subfield code="4">0</subfield>
    <subfield code="7">0</subfield>
    <subfield code="a">WIUC-1</subfield>
    <subfield code="b">WIUC-1</subfield>
    <subfield code="c">GEN</subfield>
    <subfield code="d">2012-04-30</subfield>
    <subfield code="l">0</subfield>
    <subfield code="o">HF1017.A262</subfield>
    <subfield code="p">1982/12</subfield>
    <subfield code="r">2012-04-30 00:00:00</subfield>
    <subfield code="t">3</subfield>
    <subfield code="w">2012-04-30</subfield>
    <subfield code="y">BK</subfield>
  </datafield>
  <datafield tag="952" ind1=" " ind2=" ">
    <subfield code="0">0</subfield>
    <subfield code="1">0</subfield>
    <subfield code="2">lcc</subfield>
    <subfield code="4">0</subfield>
    <subfield code="7">0</subfield>
    <subfield code="a">WIUC-1</subfield>
    <subfield code="b">WIUC-1</subfield>
    <subfield code="c">GEN</subfield>
    <subfield code="d">2012-04-30</subfield>
    <subfield code="l">0</subfield>
    <subfield code="o">HF1017.A263</subfield>
    <subfield code="p">1983/12</subfield>
    <subfield code="r">2012-04-30 00:00:00</subfield>
    <subfield code="t">4</subfield>
    <subfield code="w">2012-04-30</subfield>
    <subfield code="y">BK</subfield>
  </datafield>
  <datafield tag="952" ind1=" " ind2=" ">
    <subfield code="0">0</subfield>
    <subfield code="1">0</subfield>
    <subfield code="2">lcc</subfield>
    <subfield code="4">0</subfield>
    <subfield code="7">0</subfield>
    <subfield code="a">WIUC-1</subfield>
    <subfield code="b">WIUC-1</subfield>
    <subfield code="c">GEN</subfield>
    <subfield code="d">2012-04-30</subfield>
    <subfield code="l">0</subfield>
    <subfield code="o">HF1017.A264</subfield>
    <subfield code="p">1984/12</subfield>
    <subfield code="r">2012-04-30 00:00:00</subfield>
    <subfield code="t">5</subfield>
    <subfield code="w">2012-04-30</subfield>
    <subfield code="y">BK</subfield>
  </datafield>
  <datafield tag="952" ind1=" " ind2=" ">
    <subfield code="0">0</subfield>
    <subfield code="1">0</subfield>
    <subfield code="2">lcc</subfield>
    <subfield code="4">0</subfield>
    <subfield code="7">0</subfield>
    <subfield code="a">WIUC-1</subfield>
    <subfield code="b">WIUC-1</subfield>
    <subfield code="c">GEN</subfield>
    <subfield code="d">2012-04-30</subfield>
    <subfield code="l">0</subfield>
    <subfield code="o">HF1017.A265</subfield>
    <subfield code="p">1985/12</subfield>
    <subfield code="r">2012-04-30 00:00:00</subfield>
    <subfield code="t">6</subfield>
    <subfield code="w">2012-04-30</subfield>
    <subfield code="y">BK</subfield>
  </datafield>
  <datafield tag="952" ind1=" " ind2=" ">
    <subfield code="0">0</subfield>
    <subfield code="1">0</subfield>
    <subfield code="2">lcc</subfield>
    <subfield code="4">0</subfield>
    <subfield code="7">0</subfield>
    <subfield code="a">WIUC-1</subfield>
    <subfield code="b">WIUC-1</subfield>
    <subfield code="c">GEN</subfield>
    <subfield code="d">2012-04-30</subfield>
    <subfield code="l">0</subfield>
    <subfield code="o">HF1017.A267</subfield>
    <subfield code="p">1987/12</subfield>
    <subfield code="r">2012-04-30 00:00:00</subfield>
    <subfield code="t">8</subfield>
    <subfield code="w">2012-04-30</subfield>
    <subfield code="y">BK</subfield>
  </datafield>
  <datafield tag="952" ind1=" " ind2=" ">
    <subfield code="0">0</subfield>
    <subfield code="1">0</subfield>
    <subfield code="2">lcc</subfield>
    <subfield code="4">0</subfield>
    <subfield code="7">0</subfield>
    <subfield code="a">WIUC-1</subfield>
    <subfield code="b">WIUC-1</subfield>
    <subfield code="c">GEN</subfield>
    <subfield code="d">2012-04-30</subfield>
    <subfield code="l">0</subfield>
    <subfield code="o">HF1017.A268</subfield>
    <subfield code="p">1988/12</subfield>
    <subfield code="r">2012-04-30 00:00:00</subfield>
    <subfield code="t">9</subfield>
    <subfield code="w">2012-04-30</subfield>
    <subfield code="y">BK</subfield>
  </datafield>
  <datafield tag="952" ind1=" " ind2=" ">
    <subfield code="0">0</subfield>
    <subfield code="1">0</subfield>
    <subfield code="2">lcc</subfield>
    <subfield code="4">0</subfield>
    <subfield code="7">0</subfield>
    <subfield code="a">WIUC-1</subfield>
    <subfield code="b">WIUC-1</subfield>
    <subfield code="c">GEN</subfield>
    <subfield code="d">2012-04-30</subfield>
    <subfield code="l">0</subfield>
    <subfield code="o">HF1017.A269</subfield>
    <subfield code="p">1989/12</subfield>
    <subfield code="r">2012-04-30 00:00:00</subfield>
    <subfield code="t">10</subfield>
    <subfield code="w">2012-04-30</subfield>
    <subfield code="y">BK</subfield>
  </datafield>
  <datafield tag="952" ind1=" " ind2=" ">
    <subfield code="0">0</subfield>
    <subfield code="1">0</subfield>
    <subfield code="2">lcc</subfield>
    <subfield code="4">0</subfield>
    <subfield code="7">0</subfield>
    <subfield code="a">WIUC-1</subfield>
    <subfield code="b">WIUC-1</subfield>
    <subfield code="c">GEN</subfield>
    <subfield code="d">2012-04-30</subfield>
    <subfield code="l">0</subfield>
    <subfield code="o">HF1017.A266</subfield>
    <subfield code="p">1986/12</subfield>
    <subfield code="r">2012-04-30 00:00:00</subfield>
    <subfield code="t">7</subfield>
    <subfield code="w">2012-04-30</subfield>
    <subfield code="y">BK</subfield>
  </datafield>
</record>
